Countries that have beaten Czechia at the World Cup - Statistics

General Stats
  • This quiz has been taken 40 times
  • The average score is 11 of 15
Answer Stats
Year Team % Correct
1990 Germany
100%
1938 Brazil
97%
1962 Brazil
97%
1970 Brazil
97%
1934 Italy
92%
1990 Italy
92%
2006 Italy
92%
1954 Uruguay
84%
1962 Mexico
82%
1970 England
79%
1954 Austria
66%
1970 Romania
66%
2006 Ghana
50%
1958 Northern Ireland
26%
1958 Northern Ireland
26%
No matching quizzes found
Score Distribution
Percent of People with Each Score
Percentile by Number Answered
Your Score History
You have not taken this quiz